000
00194 a2200097 4500
020
_a
9781904301783
041
_a
eng
100
_a
Rosita Boland
245
_a
A Secret map of Ireland
942
_c
BK
999
_c
27694
_d
27694